000 00604nam a2200229Ia 4500
003 OSt
005 20220916111031.0
006 a|||||r|||| 00| 0
007 ta
008 220915b |||||||| |||| 00| 0 eng d
024 _a124045
037 _cTextbook
040 _beng
_aARTS
_cARTS
041 _aeng
082 _aV642:1:N14<-M94, L1
100 _aBley Helmut
245 0 _aSouth- West Africa under German rule 19894-1914
260 _aLondon
_bHeinemann UK
650 _aHISTORY
942 _hV642:1:N14<-M94, L1
_cTB
_2CC
999 _c103989
_d103989